[Event "40th Bosna Open"]
[Site "Sarajevo BIH"]
[Date "2010.05.12"]
[Round "8"]
[White "Dizdarevic,E"]
[Black "Popovic,Zo1"]
[Result "1-0"]
[WhiteElo "2498"]
[BlackElo "2369"]
[EventDate "2010.05.05"]

1. Nf3 Nf6 2. g3 g6 3. b3 Bg7 4. Bb2 c5 5. c4 d6 6. Bg2 e5 7. O-O O-O 8. d3
Nc6 9. Nc3 Ne8 10. Qd2 Nc7 11. Ne1 Rb8 12. Nc2 Bd7 13. Ne3 b5 14. Rab1 Bh6
15. f4 Nd4 16. Ned5 b4 17. Nd1 Nxd5 18. cxd5 exf4 19. gxf4 Bg4 20. Rf2 Re8
21. e3 Bxd1 22. exd4 Bg4 23. dxc5 dxc5 24. d4 Qd6 25. dxc5 Qxc5 26. Rc1 Qe3
27. Qxe3 Rxe3 28. Bd4 Re2 29. Rxe2 Bxe2 30. Be5 Rd8 31. Rc7 Bf8 32. Kf2 Bb5
33. Ke3 a6 34. Kd4 h6 35. h4 f5 36. d6 Bxd6 37. Bd5+ 1-0

[Event "40th Bosna Open"]
[Site "Sarajevo BIH"]
[Date "2010.05.12"]
[Round "8"]
[White "Krivoborodov,E"]
[Black "Ozturk,Ku"]
[Result "1-0"]
[WhiteElo "2490"]
[BlackElo "2273"]
[EventDate "2010.05.05"]

1. e4 e5 2. Nf3 Nc6 3. Bb5 a6 4. Ba4 b5 5. Bb3 Nf6 6. O-O Bb7 7. d3 Be7 8.
a4 O-O 9. Re1 d6 10. Nbd2 h6 11. Nf1 Re8 12. Ne3 Bf8 13. h3 Nd4 14. Nxd4
exd4 15. Nf5 c5 16. Qf3 c4 17. Ba2 d5 18. e5 Nd7 19. Qg3 Kh7 20. Nxd4 Qb6
21. Be3 Nc5 22. Nf5 Qg6 23. Qxg6+ Kxg6 24. Nd6 Bxd6 25. exd6 Ne6 26. Bb6
Bc6 27. dxc4 dxc4 28. b3 c3 29. Rad1 Rab8 30. a5 Nf4 31. b4 Bd7 32. Re7 1-0

[Event "40th Bosna Open"]
[Site "Sarajevo BIH"]
[Date "2010.05.12"]
[Round "8"]
[White "Manik,M"]
[Black "Vuckovic,Bo"]
[Result "1/2-1/2"]
[WhiteElo "2440"]
[BlackElo "2640"]
[EventDate "2010.05.05"]

1. e4 c6 2. d4 d5 3. e5 Bf5 4. Nf3 e6 5. Be2 Nd7 6. O-O Bg6 7. Nbd2 Nh6 8.
Nb3 Nf5 9. Bd2 Be7 10. g4 Nh4 11. Nxh4 Bxh4 12. f4 f5 13. Bd3 Be7 14. gxf5
Bxf5 15. Bxf5 exf5 16. Qh5+ g6 17. Qh6 Kf7 18. a3 Nf8 19. Bb4 Ne6 20. Bxe7
Qxe7 21. c3 Qf8 22. Qh4 Qd8 23. Qf2 b6 24. Rad1 Kg7 25. Rd3 Rf8 26. Kh1 Kh8
27. Nd2 Rc8 28. Qg3 g5 29. fxg5 Qxg5 30. Qxg5 Nxg5 31. Nf3 Ne6 32. Nh4 f4
33. Rh3 Rg8 34. Rhf3 Rcf8 35. Ng2 Rf5 36. b4 Rgf8 37. Nh4 Rg5 38. Ng2 c5
39. bxc5 bxc5 40. dxc5 Rxe5 41. Nxf4 Ref5 42. c6 Nxf4 43. c7 Rc8 44. Rxf4
Rxf4 45. Rxf4 Rxc7 46. Ra4 Kg7 47. Ra5 Rd7 48. Kg2 Kf6 49. Kf2 Ke6 50. Ke3
Rc7 51. Kd4 Rc4+ 52. Kd3 Rh4 53. Rxa7 Rxh2 54. a4 Kd6 55. a5 Rh3+ 56. Kd4
Rh4+ 57. Kd3 Kc6 58. a6 Kb6 59. Rd7 Kxa6 60. Rxd5 Kb6 1/2-1/2

[Event "40th Bosna Open"]
[Site "Sarajevo BIH"]
[Date "2010.05.12"]
[Round "8"]
[White "Kleijn,C"]
[Black "Fier,A"]
[Result "0-1"]
[WhiteElo "2431"]
[BlackElo "2581"]
[EventDate "2010.05.05"]

1. e4 c5 2. Nf3 d6 3. d4 cxd4 4. Nxd4 Nf6 5. Nc3 e6 6. Be2 Be7 7. O-O O-O
8. f4 Nc6 9. Be3 Bd7 10. Qe1 Nxd4 11. Bxd4 Bc6 12. Qg3 g6 13. Bd3 Nh5 14.
Qg4 Nxf4 15. Qxf4 e5 16. Bxe5 dxe5 17. Qxe5 Bd6 18. Qf6 Qc7 19. Qh4 Qb6+
20. Kh1 Qxb2 21. Nd5 Bxd5 22. exd5 b6 23. a4 Rae8 24. Rae1 Qc3 25. Re4 Re5
26. Qf6 Qc7 27. Rxe5 Bxe5 28. Qh4 Re8 29. g3 Qd7 30. Qc4 Bxg3 31. Qb5 Qc8
32. Rf6 Re1+ 33. Bf1 Be5 34. Rf3 Kg7 35. Qd3 Qg4 36. h3 Qxa4 37. Kg2 Qb4
38. Be2 Qh4 39. Qe3 Bd4 40. Qd3 Qg5+ 0-1

[Event "40th Bosna Open"]
[Site "Sarajevo BIH"]
[Date "2010.05.12"]
[Round "8"]
[White "Rasidovic,S"]
[Black "Petrosian,DG"]
[Result "1/2-1/2"]
[WhiteElo "2348"]
[BlackElo "2490"]
[EventDate "2010.05.05"]

1. e4 e6 2. d4 d5 3. Nc3 Nf6 4. e5 Nfd7 5. f4 c5 6. Nf3 Nc6 7. Be3 a6 8.
Qd2 cxd4 9. Nxd4 Bc5 10. O-O-O O-O 11. Nb3 b6 12. Ne2 f6 13. Ned4 Nxd4 14.
Nxd4 Qe7 15. exf6 Qxf6 16. g3 e5 17. fxe5 Nxe5 18. Bg2 Bb7 19. Rhf1 Qg6 20.
Nf5 Kh8 21. Bxc5 Rxf5 22. Rxf5 Qxf5 23. Rf1 Qe6 24. Bd4 Re8 25. Qe3 Ng6 26.
Qxe6 Rxe6 27. Rf7 Re7 28. Rxe7 Nxe7 29. Bxb6 Kg8 30. Bc5 Ng6 31. Kd2 Kf7
32. c4 Ne5 33. cxd5 Ng4 34. Bd4 Nxh2 35. Kc3 g5 36. Kc4 g4 37. Be4 Nf1 38.
Bxh7 Nxg3 39. Kc5 Ne2 40. Be3 Ng3 41. Bd3 Nh5 42. d6 Nf6 43. Bc4+ Ke8 44.
Kb6 Bd5 45. Bxa6 Kd7 46. a4 Bc6 47. Bc8+ Kxd6 48. Bf4+ Kd5 49. a5 Nd7+ 50.
Kc7 Nc5 51. b4 Nd3 52. Bd6 g3 53. Bh3 Bb5 54. Bg2+ Ke6 55. Bb7 Bc4 56. Bc8+
Kd5 57. a6 Bxa6 58. Bxa6 Nxb4 59. Bb7+ Kc4 60. Bxg3 Kd4 61. Kd6 Nd3 62. Bh4
Ke3 63. Bg5+ Kd4 64. Bd5 Nb4 65. Bf6+ Ke3 66. Bf7 Nd3 67. Bg6 Nb4 68. Kc5
Nd3+ 69. Kc4 Nf4 70. Bg5 Kf3 71. Bf5 Ne2 72. Bh6 Nf4 73. Kd4 Ne2+ 74. Ke5
Ng3 75. Bd3 Kg4 76. Bc2 Kf3 77. Bd1+ Ne2 78. Bd2 Kf2 79. Ke4 Ng3+ 80. Kf4
Ne2+ 81. Ke5 Kf3 82. Bb3 Kg4 83. Bd5 Ng3 84. Be3 Ne2 85. Bb3 Kf3 86. Bc5
Kg2 87. Ke4 Ng3+ 88. Kf4 Nh5+ 89. Ke3 Kg3 90. Bd1 Nf6 91. Bd6+ Kh3 92. Bf3
Ng4+ 93. Kf4 Nf2 94. Bd5 Kh4 95. Bf7 Nh3+ 96. Kf5 Ng1 97. Bc4 Nh3 98. Be2
Ng1 99. Bd1 Nh3 100. Bc5 Kg3 101. Be3 Nf2 102. Be2 Nh3 103. Bc5 Nf2 104.
Bd6+ Kh4 105. Bb4 Kg3 106. Be1 Kg2 107. Ke5 Kg3 108. Kd4 Kg2 109. Ke3 Nh3
110. Bf3+ Kf1 111. Bh4 1/2-1/2

[Event "40th Bosna Open"]
[Site "Sarajevo BIH"]
[Date "2010.05.12"]
[Round "8"]
[White "Saric,A"]
[Black "Vuilleumier,A"]
[Result "0-1"]
[WhiteElo "2489"]
[BlackElo "2352"]
[EventDate "2010.05.05"]

1. Nf3 Nf6 2. c4 e6 3. g3 c5 4. Bg2 Nc6 5. O-O d5 6. cxd5 exd5 7. d4 cxd4
8. Nxd4 Bc5 9. Nxc6 bxc6 10. Qc2 Qb6 11. Nc3 Be7 12. e4 dxe4 13. Be3 Qc7
14. Bf4 Qb6 15. Nxe4 O-O 16. Nxf6+ Bxf6 17. Qxc6 Ba6 18. Qxb6 axb6 19. Rfe1
Rac8 20. Be5 Rc2 21. b4 Bxe5 22. Rxe5 Rb2 23. a3 g6 24. Bc6 Bc4 25. Rc1 Be6
26. Rb5 Rd8 27. Rxb6 Rdd2 28. b5 Rxf2 29. Rb8+ Kg7 30. b6 Bd7 31. Ba8 Bh3
32. Re1 Bg2 33. Bxg2 Rxg2+ 34. Kh1 Rxh2+ 35. Kg1 Rhg2+ 36. Kf1 Rxg3 37. Ra1
Rf3+ 38. Ke1 Rh3 0-1

[Event "40th Bosna Open"]
[Site "Sarajevo BIH"]
[Date "2010.05.12"]
[Round "8"]
[White "D'Amore,C"]
[Black "De Verdier,M"]
[Result "1-0"]
[WhiteElo "2484"]
[BlackElo "2310"]
[EventDate "2010.05.05"]

1. e4 e5 2. Nf3 Nc6 3. Bc4 Nf6 4. d3 Bc5 5. c3 O-O 6. Bb3 d5 7. Qe2 dxe4 8.
dxe4 Qe7 9. Nbd2 Nh5 10. g3 Qf6 11. h3 a5 12. Nf1 b6 13. Bc4 Be6 14. Bb5
Na7 15. Bd3 g6 16. Bh6 Rfe8 17. Ne3 Qh8 18. Ng4 f6 19. Bc4 b5 20. Bxe6+
Rxe6 21. a4 Bf8 22. axb5 Bxh6 23. Nxh6+ Kg7 24. Ng4 1-0

[Event "40th Bosna Open"]
[Site "Sarajevo BIH"]
[Date "2010.05.12"]
[Round "8"]
[White "Mazi,L"]
[Black "Kurajica,B"]
[Result "0-1"]
[WhiteElo "2383"]
[BlackElo "2548"]
[EventDate "2010.05.05"]

1. e4 c5 2. Nf3 Nc6 3. d4 cxd4 4. Nxd4 Qb6 5. Nb3 Nf6 6. Nc3 e6 7. Qe2 Bb4
8. Bd2 O-O 9. e5 Bxc3 10. bxc3 Nd5 11. c4 Nde7 12. Qe4 f5 13. exf6 Rxf6 14.
c5 Qc7 15. Bd3 Ng6 16. h4 Rf5 17. f4 Nce5 18. g3 Nxd3+ 19. cxd3 Rd5 20. Rc1
b6 21. Rh2 Ne5 22. Rc3 Ba6 23. d4 Ng4 24. Rh1 Qc6 25. Be3 bxc5 26. Rg1 Qb5
27. Bc1 cxd4 28. Nxd4 Qa4 0-1

[Event "40th Bosna Open"]
[Site "Sarajevo BIH"]
[Date "2010.05.12"]
[Round "8"]
[White "Maiorov,N1"]
[Black "Bejtovic,J"]
[Result "1-0"]
[WhiteElo "2544"]
[BlackElo "2379"]
[EventDate "2010.05.05"]

1. d4 Nf6 2. c4 g6 3. Nf3 Bg7 4. g3 d6 5. Bg2 O-O 6. O-O Nc6 7. d5 Na5 8.
Nfd2 c5 9. a3 Nd7 10. Ra2 Ne5 11. b3 a6 12. Bb2 b5 13. Qc2 Rb8 14. cxb5
axb5 15. f4 Ng4 16. Bxg7 Kxg7 17. h3 Nf6 18. b4 cxb4 19. axb4 Nc4 20. Nxc4
bxc4 21. Rb2 Qb6+ 22. Kh2 h5 23. Qc3 Bd7 24. Nd2 Bb5 25. e4 Rh8 26. Nf3 Ra8
27. Rd2 Ra4 28. Nd4 Rha8 29. Nxb5 Qxb5 30. e5 Ne8 31. exd6+ f6 32. dxe7 Ra3
33. Qd4 c3 34. Rc2 Nd6 35. Rf3 Rb3 36. Rfxc3 Rxb4 37. Qe3 Re8 38. Qe6 Nf5
39. Rc6 1-0

[Event "40th Bosna Open"]
[Site "Sarajevo BIH"]
[Date "2010.05.12"]
[Round "8"]
[White "Kislik,E"]
[Black "Rapport,R"]
[Result "0-1"]
[WhiteElo "2353"]
[BlackElo "2509"]
[EventDate "2010.05.05"]

1. e4 e5 2. Nf3 Nc6 3. Bb5 a6 4. Ba4 Nf6 5. O-O Be7 6. Re1 b5 7. Bb3 d6 8.
c3 O-O 9. h3 Na5 10. Bc2 c5 11. d4 Qc7 12. Nbd2 cxd4 13. cxd4 Nc6 14. Nb3
a5 15. Be3 a4 16. Nbd2 Bd7 17. Rc1 Qb7 18. Nf1 Rfc8 19. Ng3 g6 20. Qe2 Bd8
21. Bd3 Rcb8 22. Red1 Ne8 23. dxe5 Nxe5 24. Nxe5 dxe5 25. Bc5 Rc8 26. b4
axb3 27. axb3 Bg5 28. Rc3 Ng7 29. b4 Ne6 30. Qb2 Bc6 31. Bb1 Rd8 32. Rcd3
Rxd3 33. Rxd3 Nxc5 34. bxc5 Qa7 35. Qxe5 Qa1 36. Qxa1 Rxa1 37. Rd1 Be7 38.
Rc1 b4 39. Ne2 b3 40. Bd3 b2 41. Rb1 Bb5 0-1

[Event "40th Bosna Open"]
[Site "Sarajevo BIH"]
[Date "2010.05.12"]
[Round "8"]
[White "Trkulja,G"]
[Black "Tratar,M"]
[Result "0-1"]
[WhiteElo "2343"]
[BlackElo "2507"]
[EventDate "2010.05.05"]

1. e4 e6 2. d4 d5 3. e5 c5 4. c3 Nc6 5. Nf3 Qb6 6. Be2 Nh6 7. b3 cxd4 8.
cxd4 Nf5 9. Bb2 Bd7 10. O-O Be7 11. g4 Nh6 12. h3 f6 13. Nc3 Nf7 14. Na4
Qa5 15. Rc1 h5 16. a3 hxg4 17. hxg4 fxe5 18. dxe5 Kf8 19. Nc3 Kg8 20. b4
Qd8 21. Kg2 Bg5 22. Rc2 Bf4 23. Rh1 Rxh1 24. Qxh1 Nfxe5 25. Nxe5 Nxe5 26.
Nb5 Nxg4 27. Bxg4 Qg5 28. Qh3 e5 29. f3 Bxb5 30. Kf2 Be3+ 31. Ke1 Bd2+ 32.
Kf2 Qe3+ 33. Kg3 Qg1+ 34. Kh4 Bf1 35. Be6+ Kh8 36. Rxd2 Bxh3 37. Kxh3 Qh1+
38. Kg4 Rf8 39. Bxd5 Rf4+ 40. Kg3 Qe1+ 0-1

[Event "40th Bosna Open"]
[Site "Sarajevo BIH"]
[Date "2010.05.12"]
[Round "8"]
[White "Djurovic,G"]
[Black "Das,Arg"]
[Result "1-0"]
[WhiteElo "2318"]
[BlackElo "2481"]
[EventDate "2010.05.05"]

1. d4 d5 2. Nf3 c6 3. c4 e6 4. e3 f5 5. Nbd2 Nf6 6. b3 Bd6 7. Bb2 O-O 8.
Qc2 b6 9. Bd3 Bb7 10. h3 Na6 11. a3 Rc8 12. cxd5 cxd5 13. Qd1 Ne4 14. Qe2
Nb8 15. O-O Nc3 16. Bxc3 Rxc3 17. b4 Qe7 18. Nb1 Rc7 19. Qb2 Rfc8 20. b5
Nd7 21. a4 g6 22. a5 e5 23. a6 Ba8 24. dxe5 Nxe5 25. Nxe5 Bxe5 26. Qa3 Qe6
27. Ra2 Rc3 28. Nxc3 Rxc3 29. Bxf5 gxf5 30. Qa4 Rc4 31. Qd1 d4 32. Rd2 Qd5
33. f4 Bg7 34. exd4 Bxd4+ 35. Kh2 Rc8 36. Rf3 Rd8 37. Rfd3 Qe4 38. Qf3 Bg1+
39. Kxg1 Qe1+ 40. Qf1 Qxd2 41. Rxd2 Rxd2 42. Qc4+ 1-0

[Event "40th Bosna Open"]
[Site "Sarajevo BIH"]
[Date "2010.05.13"]
[Round "9"]
[White "Bologan,V"]
[Black "Wang Hao"]
[Result "0-1"]
[WhiteElo "2668"]
[BlackElo "2722"]
[EventDate "2010.05.05"]

1. e4 c5 2. Nf3 Nc6 3. Bb5 Nf6 4. Bxc6 dxc6 5. d3 Bg4 6. Nbd2 Nd7 7. h3 Bh5
8. g4 Bg6 9. Nh4 e5 10. Ndf3 f6 11. Nxg6 hxg6 12. Be3 Qb6 13. b3 Be7 14. c3
Qa5 15. Qc2 Nf8 16. a3 Ne6 17. b4 cxb4 18. Qa2 Qxa3 19. Qb1 Qxc3+ 20. Ke2
b3 21. Rc1 Qb4 22. Rc4 Qb5 23. Rc3 b2 24. Ra2 a5 25. Rxb2 Bb4 26. Qa2 Ke7
27. h4 c5 28. g5 Rad8 29. Qb1 Rd6 30. gxf6+ gxf6 31. Qg1 Kf7 32. Qg4 Qd7
0-1

[Event "40th Bosna Open"]
[Site "Sarajevo BIH"]
[Date "2010.05.13"]
[Round "9"]
[White "Timofeev,Arty"]
[Black "Kovacevic,A"]
[Result "1/2-1/2"]
[WhiteElo "2677"]
[BlackElo "2573"]
[EventDate "2010.05.05"]

1. e4 c5 2. Nf3 d6 3. d4 cxd4 4. Nxd4 Nf6 5. Nc3 a6 6. g3 g6 7. Bg2 Bg7 8.
O-O O-O 9. Re1 Bg4 10. Qd2 e5 11. Nde2 Qc7 12. b3 Rd8 13. h3 Be6 14. Ba3
Qa5 15. Bb2 Nc6 16. Red1 Qb6 17. a4 a5 18. Nd5 Bxd5 19. exd5 Nb4 20. Nc3
Rac8 21. Rac1 h5 22. Nb5 Kh7 23. c3 Na6 24. Rb1 Nc7 25. c4 Nxb5 26. axb5
Qc7 27. b6 Qxb6 28. Bc3 Qc7 29. Bxa5 b6 30. Bc3 1/2-1/2

[Event "40th Bosna Open"]
[Site "Sarajevo BIH"]
[Date "2010.05.13"]
[Round "9"]
[White "Efimenko,Z"]
[Black "Predojevic,B"]
[Result "1-0"]
[WhiteElo "2677"]
[BlackElo "2628"]
[EventDate "2010.05.05"]

1. e4 d6 2. g3 c5 3. Bg2 Nc6 4. Ne2 Bg4 5. h3 Bxe2 6. Qxe2 g6 7. O-O Bg7 8.
c3 Nf6 9. Rd1 Nd7 10. d3 O-O 11. Nd2 Rc8 12. Nf3 Nde5 13. Nxe5 dxe5 14. Be3
b6 15. a3 a5 16. Rd2 e6 17. f4 Qd7 18. Rf1 a4 19. h4 exf4 20. gxf4 Na5 21.
h5 Nb3 22. Rdd1 b5 23. f5 exf5 24. exf5 Rce8 25. Be4 c4 26. f6 Bxf6 27.
Rxf6 cxd3 28. Qf3 Qe7 29. hxg6 hxg6 30. Rf4 d2 31. Rg4 Nc5 32. Bxc5 Qxc5+
33. Qf2 Qxf2+ 34. Kxf2 f5 35. Bd5+ 1-0

[Event "40th Bosna Open"]
[Site "Sarajevo BIH"]
[Date "2010.05.13"]
[Round "9"]
[White "Gustafsson,J"]
[Black "Nevednichy,V"]
[Result "0-1"]
[WhiteElo "2640"]
[BlackElo "2560"]
[EventDate "2010.05.05"]

1. d4 d6 2. Nf3 g6 3. c4 Bg7 4. Nc3 Nf6 5. e4 O-O 6. Be2 e5 7. Be3 Ng4 8.
Bg5 f6 9. Bh4 Nc6 10. d5 Ne7 11. Nd2 Nh6 12. f3 g5 13. Bf2 f5 14. h3 Ng6
15. g4 fxg4 16. fxg4 Nf4 17. Rh2 c5 18. Nf1 a6 19. Ne3 Rb8 20. Bf1 Bd7 21.
a3 b5 22. cxb5 axb5 23. b4 cxb4 24. axb4 Qc7 25. Rc1 Rfc8 26. Bg1 Qb6 27.
Rd2 Nf7 28. Bf2 Qd8 29. Ra2 h5 30. Ra7 Nh6 31. Kd2 Ra8 32. Rxa8 Rxa8 33.
Nf5 Bxf5 34. gxf5 g4 35. h4 g3 36. Bxg3 Qb6 37. Kc2 Ng4 38. Qd2 Qa7 39. Re1
Bh6 40. Bxb5 Ne6 0-1

[Event "40th Bosna Open"]
[Site "Sarajevo BIH"]
[Date "2010.05.13"]
[Round "9"]
[White "Mamedov,Rau"]
[Black "Sandipan,C"]
[Result "1-0"]
[WhiteElo "2653"]
[BlackElo "2640"]
[EventDate "2010.05.05"]

1. e4 c5 2. Nf3 d6 3. c3 Nf6 4. Be2 b6 5. O-O Bb7 6. Bb5+ Nbd7 7. d3 a6 8.
Ba4 g6 9. Re1 Bg7 10. Bc2 O-O 11. d4 e6 12. Bf4 e5 13. dxe5 dxe5 14. Nxe5
Nxe5 15. Qxd8 Raxd8 16. Bxe5 b5 17. f3 Rfe8 18. Bc7 Rd7 19. Bg3 Nh5 20. Bf2
Rc8 21. Be3 Bd4 22. Kf2 Bxe3+ 23. Kxe3 f5 24. Nd2 Nf4 25. Rg1 Rcd8 26. Nb3
Nd3 27. Bxd3 Rxd3+ 28. Kf4 h6 29. h4 Bc8 30. Nxc5 Rd2 31. b4 Kf7 32. exf5
gxf5 33. a3 Kf6 34. Rae1 a5 35. g4 Rc2 36. gxf5 Bxf5 37. Re5 Bd3 38. Rd1
Rxc3 39. Ne4+ Bxe4 40. Rxd8 Bc6 41. Rd6+ Kf7 42. Rc5 Rxf3+ 43. Ke5 Be8 44.
Rc7+ Kg8 45. Rd8 1-0

[Event "40th Bosna Open"]
[Site "Sarajevo BIH"]
[Date "2010.05.13"]
[Round "9"]
[White "Brkic,A"]
[Black "Inants,A"]
[Result "1-0"]
[WhiteElo "2573"]
[BlackElo "2259"]
[EventDate "2010.05.05"]

1. e4 Nc6 2. Nf3 d6 3. d4 Nf6 4. Nc3 Bg4 5. Be3 e6 6. h3 Bh5 7. d5 exd5 8.
exd5 Bxf3 9. Qxf3 Ne5 10. Qe2 a6 11. f4 Ned7 12. g4 Qe7 13. Bg2 g6 14. O-O
Bg7 15. Rfe1 O-O 16. Qc4 Qd8 17. a4 Nb6 18. Qb3 a5 19. Qb5 Nbd7 20. Qxb7
Rb8 21. Qc6 Rxb2 22. Nb5 Nb8 23. Qc4 Na6 24. Nd4 Qa8 25. Rab1 Rfb8 26. Rxb2
Rxb2 27. Nc6 h6 28. Bd4 Rb7 29. Qc3 Ne8 30. Rxe8+ Qxe8 31. Bxg7 Rb1+ 32.
Kh2 Qe1 33. Qxe1 Rxe1 34. Bc3 Rc1 35. Nd4 Nb4 36. Bxb4 axb4 37. a5 Ra1 38.
Nc6 Ra2 39. Kg3 Rxc2 40. Nxb4 Rc5 41. a6 Ra5 42. Bf1 f5 43. gxf5 gxf5 44.
Nc6 Ra1 45. a7 1-0

[Event "40th Bosna Open"]
[Site "Sarajevo BIH"]
[Date "2010.05.13"]
[Round "9"]
[White "Svetushkin,D"]
[Black "Jankovic,A"]
[Result "0-1"]
[WhiteElo "2547"]
[BlackElo "2559"]
[EventDate "2010.05.05"]

1. e4 c5 2. Nf3 d6 3. d4 cxd4 4. Nxd4 Nf6 5. Nc3 Nc6 6. Bg5 e6 7. Qd2 a6 8.
O-O-O Bd7 9. f3 Be7 10. Be3 O-O 11. g4 Nxd4 12. Bxd4 Bc6 13. g5 Nd7 14. h4
b5 15. a3 Rb8 16. g6 fxg6 17. Bh3 e5 18. Ba7 Rb7 19. Be3 Rxf3 20. Rdg1 Nc5
21. h5 g5 22. h6 g6 23. Nd5 Kh8 24. Nxe7 Qxe7 25. Bxg5 Qf8 26. Bg2 Rf2 27.
Qe1 Rbf7 28. Be3 Rxg2 29. Rxg2 Bxe4 30. Rgg1 Bxh1 31. Rxh1 Ne4 32. Kb1 d5
33. Bc1 Rf2 34. Qd1 Qf3 35. Qxf3 Rxf3 36. Rd1 Nf6 37. Bg5 d4 38. Re1 Nd7
39. c3 d3 40. Kc1 Kg8 41. Kd2 Kf7 42. Be3 Nf6 43. b3 Ke6 44. c4 bxc4 45.
bxc4 Rh3 46. Rb1 Ng4 47. Bg1 Rg3 48. Bc5 e4 49. Kc3 Rg2 50. Rb7 Rc2+ 51.
Kb3 Rc1 0-1

[Event "40th Bosna Open"]
[Site "Sarajevo BIH"]
[Date "2010.05.13"]
[Round "9"]
[White "Berczes,D"]
[Black "Sengupta,D"]
[Result "1/2-1/2"]
[WhiteElo "2519"]
[BlackElo "2508"]
[EventDate "2010.05.05"]

1. d4 d5 2. c4 dxc4 3. Nf3 Nf6 4. e3 e6 5. Bxc4 c5 6. O-O a6 7. Bb3 Nc6 8.
Nc3 Be7 9. a3 O-O 10. dxc5 Bxc5 11. Qxd8 Rxd8 12. Rd1 Bd7 13. Bd2 Be8 14.
Be1 Kf8 15. Na4 Ba7 16. Rac1 Rxd1 17. Bxd1 Rd8 18. Bb3 Ne4 19. Bc2 Nf6 20.
Bb1 h6 21. h3 g5 22. Bc3 Nd5 23. Bd2 Nd4 24. Nxd4 Bxa4 25. Ba5 Rd7 26. Rc4
Bd1 27. Rc8+ Kg7 28. Ra8 Bc5 29. Rc8 b6 30. Be1 Bh5 31. Kh2 Bd6+ 32. g3 Be5
33. Kg2 Bxd4 34. exd4 Bg6 35. Ba2 Be4+ 36. f3 Ne7 37. Rb8 Bd5 38. Bb1 Rb7
39. Rxb7 Bxb7 40. Bb4 Nd5 41. Be4 a5 42. Bxd5 Bxd5 43. Bd6 a4 44. Kf2 f6
45. Ke3 Kf7 46. Bc7 b5 47. Bd8 h5 48. h4 Kg6 49. Be7 Kf5 50. Bd8 Bb3 51.
Be7 Bd1 52. Bd8 g4 53. fxg4+ Bxg4 54. Be7 e5 55. dxe5 fxe5 56. Bd6 Ke6 57.
Bb4 Kd5 58. Bc3 e4 59. Bb4 Bf3 1/2-1/2

[Event "40th Bosna Open"]
[Site "Sarajevo BIH"]
[Date "2010.05.13"]
[Round "9"]
[White "Sokolov,Ivan"]
[Black "Krivoborodov,E"]
[Result "1-0"]
[WhiteElo "2654"]
[BlackElo "2490"]
[EventDate "2010.05.05"]

1. d4 d5 2. c4 c6 3. Nf3 Nf6 4. Nc3 a6 5. c5 Nbd7 6. Bf4 Nh5 7. Bg5 h6 8.
Bd2 Nhf6 9. Bf4 Nh5 10. Be5 b6 11. b4 Nhf6 12. Qa4 Bb7 13. e3 Ne4 14. Nxe4
dxe4 15. Nd2 e6 16. Bg3 b5 17. Qc2 f5 18. Qb3 Kf7 19. f3 Nf6 20. fxe4 fxe4
21. Be2 Qd5 22. Qc3 Be7 23. O-O Rhf8 24. Bd1 Kg8 25. Bb3 Qg5 26. Bxe6+ Kh8
27. Be5 Nd5 28. Bxd5 cxd5 29. Nb3 Rf3 30. Bf4 Qg6 31. Na5 Bc8 32. Kh1 Rxf1+
33. Rxf1 Bg4 34. Bg3 h5 35. Qe1 Rf8 36. Rxf8+ Bxf8 37. c6 Qf7 38. Kg1 Be7
39. c7 Qf6 40. Qc3 Bc8 41. Nc6 h4 42. Be5 Qf8 43. h3 Kh7 44. a3 Bg5 45. Qe1
Bd7 46. Qf2 Qe8 47. Na7 Kg6 48. Bf4 Qa8 49. Bxg5 Qxa7 50. Bf4 Qb6 51. Be5
Qe6 52. Qf8 1-0

[Event "40th Bosna Open"]
[Site "Sarajevo BIH"]
[Date "2010.05.13"]
[Round "9"]
[White "Kosintseva,N"]
[Black "Geetha,Narayanan Gopal"]
[Result "0-1"]
[WhiteElo "2553"]
[BlackElo "2604"]
[EventDate "2010.05.05"]

1. e4 c5 2. Nf3 d6 3. d4 cxd4 4. Nxd4 Nf6 5. Nc3 a6 6. Bg5 e6 7. f4 Nbd7 8.
Qe2 Qc7 9. g4 b5 10. Bxf6 gxf6 11. O-O-O Bb7 12. f5 Nc5 13. a3 O-O-O 14.
Kb1 Kb8 15. h4 Bh6 16. Qf3 Rhe8 17. Bg2 Rc8 18. Rhf1 Bg7 19. Rfe1 Ka8 20.
Qf2 Qb6 21. Nb3 Rc7 22. Qd4 Rd8 23. Re2 Ka7 24. Red2 Bh6 25. Re2 Nxb3 26.
Qxb6+ Kxb6 27. cxb3 Bf4 28. b4 Be5 29. Re3 Rdc8 30. Kc2 h5 31. gxh5 exf5
32. Kb3 Rh8 33. Bf3 f4 34. Re2 Rg8 35. Rg2 Rg3 36. Rxg3 fxg3 37. Bg4 Bxc3
38. bxc3 Bxe4 39. Rxd6+ Rc6 40. Rd1 f5 0-1

[Event "40th Bosna Open"]
[Site "Sarajevo BIH"]
[Date "2010.05.13"]
[Round "9"]
[White "Stefansson,H"]
[Black "Dizdarevic,E"]
[Result "1-0"]
[WhiteElo "2588"]
[BlackElo "2498"]
[EventDate "2010.05.05"]

1. d4 e6 2. g3 d5 3. Bg2 c5 4. Nf3 Nc6 5. O-O cxd4 6. Nxd4 Bc5 7. Nxc6 bxc6
8. c4 Ne7 9. Qc2 Bb6 10. Rd1 O-O 11. e4 e5 12. exd5 cxd5 13. Nc3 Bg4 14.
Re1 d4 15. Nd5 Nc6 16. b4 Rc8 17. a4 Be6 18. Bd2 a5 19. Nxb6 Qxb6 20. c5
Nxb4 21. Qxh7+ Kxh7 22. cxb6 Nc2 23. Bxa5 Nxa1 24. Rxa1 f5 25. Bb4 Rf7 26.
a5 e4 27. a6 Bd5 28. Bf1 d3 29. Ra5 Ba8 30. Rb5 Rd8 31. Bd2 Rc8 32. Bf4 Rd8
33. b7 1-0

[Event "40th Bosna Open"]
[Site "Sarajevo BIH"]
[Date "2010.05.13"]
[Round "9"]
[White "Bosiocic,Mari"]
[Black "Grandelius,N"]
[Result "1/2-1/2"]
[WhiteElo "2562"]
[BlackElo "2476"]
[EventDate "2010.05.05"]

1. Nf3 Nf6 2. c4 e6 3. d4 d5 4. Nc3 dxc4 5. e4 Bb4 6. Bg5 h6 7. Bxf6 Qxf6
8. Bxc4 c5 9. e5 Qd8 10. a3 Bxc3+ 11. bxc3 cxd4 12. cxd4 Qa5+ 13. Qd2 Nc6
14. Rb1 Ke7 15. Rb5 Qxd2+ 16. Kxd2 b6 17. Rc1 1/2-1/2

[Event "40th Bosna Open"]
[Site "Sarajevo BIH"]
[Date "2010.05.13"]
[Round "9"]
[White "Sebenik,M"]
[Black "Berg,E"]
[Result "0-1"]
[WhiteElo "2515"]
[BlackElo "2616"]
[EventDate "2010.05.05"]

1. d4 e6 2. c4 c5 3. d5 exd5 4. cxd5 d6 5. Nc3 g6 6. g3 Bg7 7. Bg2 Nh6 8.
Nf3 O-O 9. O-O Na6 10. h3 f6 11. e4 Nf7 12. Be3 Bd7 13. Nd2 b5 14. Ne2 Qc8
15. Kh2 f5 16. a4 bxa4 17. exf5 Bxf5 18. Nf4 Bxb2 19. Rxa4 Nb4 20. Qb3 Be5
21. Rc1 Bxf4 22. gxf4 Qd8 23. Qc3 Qh4 24. Rca1 a6 25. Nf3 Qh5 26. Bc1 Nd3
27. Be3 Nb4 28. Bc1 Nxd5 29. Qd2 Nf6 30. Bb2 Ne4 31. Rxe4 Bxe4 32. Qc3 Qh6
33. Ng5 Bxg2 34. Nxf7 Qxf4+ 35. Kxg2 Kxf7 36. Qb3+ Ke8 37. Re1+ Kd8 38.
Qb6+ Kc8 39. Qc6+ Kb8 40. Qb6+ Kc8 41. Qc6+ Kd8 42. Qxa8+ Kd7 43. Qb7+ Kd8
44. Re2 Qg5+ 45. Kf1 Qf5 46. Qb8+ Kd7 47. Qb7+ Kd8 48. Ke1 Rf7 49. Qb8+ Kd7
50. Bc3 Kc6 51. Qe8+ Qd7 52. Qe4+ d5 53. Qa4+ Kb7 54. Qa5 Qc7 55. Qa2 Qc6
56. Re5 Rd7 57. Re2 Ka7 58. Ba5 Qb5 59. Re6 Rb7 60. Bd2 Qd3 61. Bc1 d4 62.
Qa3 Qc4 63. Re5 Rb5 64. Re7+ Kb6 65. Re2 Rb3 66. Qa1 Rxh3 67. Qb1+ Rb3 68.
Rb2 Qb4+ 69. Ke2 Qb5+ 70. Kd2 Qb4+ 71. Ke2 d3+ 72. Ke3 d2+ 0-1

[Event "40th Bosna Open"]
[Site "Sarajevo BIH"]
[Date "2010.05.13"]
[Round "9"]
[White "Brandenburg,D"]
[Black "Lenic,L"]
[Result "1/2-1/2"]
[WhiteElo "2503"]
[BlackElo "2592"]
[EventDate "2010.05.05"]

1. e4 c6 2. d4 d5 3. e5 Bf5 4. Nf3 e6 5. Be2 Nd7 6. O-O Bg6 7. Nbd2 Ne7 8.
Nh4 c5 9. c3 Nc6 10. Nxg6 hxg6 11. Nf3 Be7 12. Be3 Rc8 13. Qd2 Qa5 14. a3
cxd4 15. cxd4 Qxd2 16. Nxd2 f6 17. f4 g5 18. exf6 Bxf6 19. Nb3 gxf4 20.
Rxf4 e5 21. Rg4 O-O 22. Rd1 exd4 23. Bxd4 Nxd4 24. Nxd4 Ne5 25. Rf4 Nc4 26.
Nf5 g6 27. Bxc4 Rxc4 28. Nd4 Be5 29. Rg4 Rf4 30. Rxf4 Bxf4 31. Kf2 Be5 32.
Ke3 Bxh2 33. Ne2 Be5 34. Rxd5 Bxb2 35. Rd8+ Kg7 36. Rd7+ Kh6 37. Rxb7 Bxa3
38. Rxa7 Bc5+ 39. Kd3 Rg4 40. Ra5 Bf2 41. g3 Bxg3 1/2-1/2

[Event "40th Bosna Open"]
[Site "Sarajevo BIH"]
[Date "2010.05.13"]
[Round "9"]
[White "Fier,A"]
[Black "D'Amore,C"]
[Result "1-0"]
[WhiteElo "2581"]
[BlackElo "2484"]
[EventDate "2010.05.05"]

1. d4 d5 2. c4 c6 3. Nf3 Nf6 4. Nc3 dxc4 5. a4 Bf5 6. Ne5 Nbd7 7. Nxc4 Qc7
8. g3 e5 9. dxe5 Nxe5 10. Bf4 Nfd7 11. Bg2 g5 12. Ne3 gxf4 13. Nxf5 O-O-O
14. Qc2 Kb8 15. O-O Ng6 16. Rac1 a5 17. Nb5 Qb6 18. Nbd4 Nde5 19. Qe4 Bc5
20. b4 Bxd4 21. bxa5 Qa7 22. gxf4 Ng4 23. e3 Rhe8 24. Qb1 Nxe3 25. fxe3
Bxe3+ 26. Nxe3 Rxe3 27. Kh1 Ne7 28. Qxh7 Qxa5 29. Qxf7 Rh8 30. Rb1 Re2 31.
Qb3 Qa6 32. Rfe1 Rxe1+ 33. Rxe1 Rh7 34. f5 Qa5 35. Qg3+ Qc7 36. Qxc7+ Kxc7
37. Rf1 Ng8 38. a5 Kd6 39. Re1 Re7 40. Rxe7 Nxe7 41. f6 Ng6 42. f7 Nf8 43.
Bh3 c5 44. Bg2 Kc7 45. Be4 c4 46. Kg2 b5 47. Kf2 1-0